000 00923nam a2200241 4500
001 174606
003 ES-MaACL
005 20250831072602.0
008 100511s1793 sp p |||| | spa d
100 1 _aFlórez, Enrique,
_d1702-1773
_9142679
240 1 0 _aEspaña sagrada
245 1 0 _aEspaña sagrada.
_nTomo XXXVIII,
_pMemorias de la santa iglesia exenta de Oviedo, concernientes a los siglos X, XI, XII, XIII y XIV... /
_csu autor, Manuel Risco.
260 _aEn Madrid :
_ben la oficina de Don Blas Román,
_c1793.
300 _a[20], 386 p. ;
_c20 cm.
500 _aApéndices: p. 261.
546 _aTexto en latín: p. 261-376.
650 7 _aHistoria eclesiástica
_2embne
_913400
651 _aAsturias (Comunidad Autónoma)-
_xHistoria eclesiástica.
_9171014
700 1 _aRisco, Manuel.
_997459
852 4 _aES-MaACL
_jR-1617-69
_x C-16767-818
942 _2udc
999 _c174606
_d174606